000
00248 a2200085 4500
020
_a
9781788842501
100
_a
A S G Butler
245
_a
The Architecture of Sir Edwin Lutyens: Volume 3: Public Buildings and Memorials
260
_b
ACC Art Books
_c
2024
999
_c
13409
_d
13409